000 00367pam a2200157a 44500
008 230515b1997 xxu||||| |||| 00| 0 eng d
020 _aNULL
041 _aENGLISH
082 _aN.D.
100 _aS. Scott Fogler
245 _aElements Of Chemicla Reaction Engineering
250 _a0
260 _aNULL
_bPrentice Hall
_c1997
300 _a838
650 _aNULL
999 _c580279
_d580279